000 00626nam a22001937a 4500
005 20150124120858.0
008 130805t sp||||| |||| 00| 0 spa d
020 _a9788498015744
050 0 4 _aNA31
_bH67 2012
100 1 _aHopkins, Owen
245 1 0 _aLeer la arquitectura
_b : diccionario visual
_c / Owen Hopkins ; traducción Remedios Diéguez Diéguez
250 _a1a ed.
260 _aBarcelona, España ::
_bBlume,
_c2012
300 _a175 p. :
_bil. ;
_c27 cm.
504 _aIncluye glosario e índice
650 7 _2Lemb.
_aArquitectura
_vDiccionarios
700 1 _aDiéguez Diéguez, Remedios
_etr.
942 _2lcc
_cLIB
999 _c5790
_d5790